<?xml version="1.0" encoding="UTF-8"?><?xml-stylesheet type="text/xsl" href="static/style.xsl"?><OAI-PMH xmlns="http://www.openarchives.org/OAI/2.0/" xmlns:xsi="http://www.w3.org/2001/XMLSchema-instance" xsi:schemaLocation="http://www.openarchives.org/OAI/2.0/ http://www.openarchives.org/OAI/2.0/OAI-PMH.xsd"><responseDate>2026-04-13T13:18:27Z</responseDate><request verb="GetRecord" identifier="oai:www.recercat.cat:10230/69801" metadataPrefix="marc">https://recercat.cat/oai/request</request><GetRecord><record><header><identifier>oai:recercat.cat:10230/69801</identifier><datestamp>2025-12-20T16:48:59Z</datestamp><setSpec>com_2072_6</setSpec><setSpec>col_2072_452952</setSpec></header><metadata><record xmlns="http://www.loc.gov/MARC21/slim" xmlns:dcterms="http://purl.org/dc/terms/" xmlns:xsi="http://www.w3.org/2001/XMLSchema-instance" xmlns:doc="http://www.lyncode.com/xoai" xsi:schemaLocation="http://www.loc.gov/MARC21/slim http://www.loc.gov/standards/marcxml/schema/MARC21slim.xsd">
   <leader>00925njm 22002777a 4500</leader>
   <datafield ind2=" " ind1=" " tag="042">
      <subfield code="a">dc</subfield>
   </datafield>
   <datafield ind2=" " ind1=" " tag="720">
      <subfield code="a">Esteve, Albert</subfield>
      <subfield code="e">author</subfield>
   </datafield>
   <datafield ind2=" " ind1=" " tag="720">
      <subfield code="a">Cortina Trilla, Clara</subfield>
      <subfield code="e">author</subfield>
   </datafield>
   <datafield ind2=" " ind1=" " tag="260">
      <subfield code="c">2025-03-04T07:27:14Z</subfield>
   </datafield>
   <datafield ind2=" " ind1=" " tag="260">
      <subfield code="c">2025-03-04T07:27:14Z</subfield>
   </datafield>
   <datafield ind2=" " ind1=" " tag="260">
      <subfield code="c">2010</subfield>
   </datafield>
   <datafield ind2=" " ind1=" " tag="520">
      <subfield code="a">En este artículo estudiamos la composición de las parejas españolas según su nivel de instrucción y el origen de los cónyuges, en un contexto caracterizado por la expansión educativa de la población española y el incremento de la población extranjera. El estudio de las generaciones nacidas entre 1920 y 1969 realizado a partir del censo de población de 2001 revela una reducción de los niveles generales de homogamia educativa de generación en generación, una intensificación de la homogamia de los cónyuges con estudios superiores, una importante variabilidad de estas pautas entre los extranjeros.</subfield>
   </datafield>
   <datafield ind2=" " ind1=" " tag="520">
      <subfield code="a">Este trabajo se inscribe en el proyecto I+D+I del Ministerio de Educación y Ciencia El impacto de la población extranjera en la formación de la pareja en España (SEJ2007-60014). Una versión previa de este trabajo fue presentada en el Congreso Español de Sociología, celebrado en Barcelona en el mes de septiembre de 2007. Los autores quieren expresar aquí su agradecimiento a Pau Miret por sus valiosos comentarios. Albert Esteve es investigador Ramón y Cajal en el Centre d’Estudis Demogràfics. Clara Cortina es investigadora del Grupo de Investigación de Dinámicas Demográficas (GIDD) y del Grupo de Estudios de Población y Sociedad (GEPS).</subfield>
   </datafield>
   <datafield tag="653" ind2=" " ind1=" ">
      <subfield code="a">Homogamia educativa</subfield>
   </datafield>
   <datafield tag="653" ind2=" " ind1=" ">
      <subfield code="a">Población extranjera</subfield>
   </datafield>
   <datafield tag="653" ind2=" " ind1=" ">
      <subfield code="a">Nivel de instrucción</subfield>
   </datafield>
   <datafield tag="653" ind2=" " ind1=" ">
      <subfield code="a">Nacionalidad</subfield>
   </datafield>
   <datafield tag="653" ind2=" " ind1=" ">
      <subfield code="a">Matrimonio</subfield>
   </datafield>
   <datafield tag="653" ind2=" " ind1=" ">
      <subfield code="a">España</subfield>
   </datafield>
   <datafield tag="653" ind2=" " ind1=" ">
      <subfield code="a">Censo 200</subfield>
   </datafield>
   <datafield ind2="0" ind1="0" tag="245">
      <subfield code="a">Expansión educativa e inmigración internacional en España: cambios en la formación de la pareja</subfield>
   </datafield>
</record></metadata></record></GetRecord></OAI-PMH>